Service industries in the world economy
Αποθηκεύτηκε σε:
| Κύριος συγγραφέας: | |
|---|---|
| Μορφή: | Βιβλίο |
| Γλώσσα: | English |
| Δημοσίευση: |
Oxford :
Basil Blackwell,
c1993
|
| Σειρά: | IBG studies in geography
|
| Θέματα: | |
| Ετικέτες: |
Προσθήκη ετικέτας
Δεν υπάρχουν, Καταχωρήστε ετικέτα πρώτοι!
|
MARC
| LEADER | 00000nam a2200000 i 4500 | ||
|---|---|---|---|
| 001 | 1/1744 | ||
| 008 | 950322s1993 eng d | ||
| 020 | |a 0-631-18132-6 | ||
| 035 | |l 10060139 | ||
| 040 | |a GR-MY-UA |b |e aacr | ||
| 041 | 0 | |a eng | |
| 082 | 0 | |a 338.4 | |
| 100 | 1 | |a Daniels, P. W. | |
| 245 | 1 | 0 | |a Service industries in the world economy / |c P. W. Daniels |
| 260 | |a Oxford : |b Basil Blackwell, |c c1993 | ||
| 300 | |a xiv, 210 σ. | ||
| 490 | 1 | |a IBG studies in geography | |
| 504 | |a Περιλαμβάνει βιβλιογραφικές παραπομπές και ευρετήριο | ||
| 650 | 0 | 0 | |a Service industries. |
| 830 | 0 | |a IBG studies in geography | |
| 852 | |a INST |b CHIOS |e 20000418 |h 338.4 DAN |p 005200017729 |q 005200017729 |t BK |y 0 | ||
| 852 | |a INST |b LESVOS |e 19950322 |h 338.4 DAN |p 005100002166 |q 005100002166 |t BK |y 0 | ||
| 901 | |a BIBL2-2000-1 | ||
| 909 | |a Λ |b 039827 | ||
| 909 | |a Χ |b 077827 | ||
| 922 | |a 2ΕΛΗ |b 200004 |c ΤΔΕ |d ΠΑΠΑΣΩΤΗΡΙΟΥ | ||
| 950 | |a 112-1999-11-05 | ||